| Tag |
First Indicator |
Second Indicator |
Subfields |
| LEADER |
00000cam a2200000 4500 |
| 001 |
in00000028575 |
| 005 |
20151007062738.0 |
| 008 |
720918s1941 nyucfgh 001 0 eng u |
| 010 |
|
|
|a 41024281
|
| 035 |
|
|
|a (OCoLC)00407640
|
| 035 |
|
|
|9 AAD5699AM
|
| 040 |
|
|
|c OUN
|d TXA
|d UtOrBLW
|
| 049 |
|
|
|a TXAM
|c [135172]
|
| 050 |
|
0 |
|a ML1700.B86
|b O7
|
| 092 |
|
|
|a 782.09
|b B864o
|
| 100 |
1 |
|
|a Brockway, Wallace,
|d 1905-1972.
|
| 245 |
1 |
4 |
|a The opera :
|b a history of its creation and performance: 1600-1941 /
|c By Wallace Brockway & Herbert Weinstock.
|
| 264 |
|
1 |
|a New York :
|b Simon and Schuster,
|c [1941]
|
| 264 |
|
4 |
|c [©1941]
|
| 300 |
|
|
|a viii pages, 1 ., 603 pages :
|b frontispiece, plates, portraits, facsimiles (music) ;
|c 24 cm.
|
| 336 |
|
|
|a text
|b txt
|2 rdacontent
|
| 337 |
|
|
|a unmediated
|b n
|2 rdamedia
|
| 338 |
|
|
|a volume
|b nc
|2 rdacarrier
|
| 500 |
|
|
|a "List of recommended recordings [compiled by George Clark Leslie]": pages [485]-562.
|
| 504 |
|
|
|a Includes index.
|
| 536 |
|
|
|a From the Howard Mayer Brown, Edward Downes and Mary Schieffelin Book Collections, October 2004.
|
| 650 |
|
0 |
|a Opera.
|
| 700 |
1 |
|
|a Weinstock, Herbert,
|d 1905-1971.
|
| 700 |
1 |
|
|a Leslie, George Clark,
|d 1905-
|
| 999 |
|
|
|a MARS
|
| 999 |
f |
f |
|s 53d21c12-f437-3baf-8769-84e5fde4b848
|i 2552e800-4373-3f3b-8117-e997ec4d331b
|t 0
|
| 952 |
f |
f |
|p ric
|a Texas A&M University
|b Rellis Campus
|c Joint Library Facility
|d Remote Storage
|t 0
|e ML1700.B86 O7
|h Library of Congress classification
|i unmediated -- volume
|m A14801170693
|
| 952 |
f |
f |
|p storage
|a Texas A&M University
|b J.J. Pickle Campus
|c High Density Repository
|d Remote Storage
|t 0
|e ML1700.B86 O7
|h Library of Congress classification
|i unmediated -- volume
|m A14831721791
|
| 998 |
f |
f |
|a ML1700.B86 O7
|t 0
|l Remote Storage
|
| 998 |
f |
f |
|a ML1700.B86 O7
|t 0
|l Remote Storage
|